Livestock report 2006
保存先:
| フォーマット: | 図書 |
|---|---|
| 言語: | Undetermined |
| 出版事項: |
Rome
FAO
2006
|
| 主題: | |
| タグ: |
タグ追加
タグなし, このレコードへの初めてのタグを付けませんか!
|
| Thư viện lưu trữ: | Trung tâm Học liệu Trường Đại học Cần Thơ |
|---|
| LEADER | 00426nam a2200169Ia 4500 | ||
|---|---|---|---|
| 001 | CTU_104915 | ||
| 008 | 210402s9999 xx 000 0 und d | ||
| 082 | |a 338.176 | ||
| 082 | |b L785 | ||
| 245 | 0 | |a Livestock report 2006 | |
| 260 | |a Rome | ||
| 260 | |b FAO | ||
| 260 | |c 2006 | ||
| 650 | |a Livestock,Animal industry | ||
| 650 | |x Economic aspects | ||
| 904 | |i Minh | ||
| 980 | |a Trung tâm Học liệu Trường Đại học Cần Thơ | ||